| 000 | 00864nam a2200253Ia 4500 | ||
|---|---|---|---|
| 003 | GCL | ||
| 008 | 140319s9999 xx 000 0 ara d | ||
| 020 | _a2745822977 | ||
| 040 |
_aGCL / _cGCL |
||
| 082 | 0 | 4 |
_a272.5 _bو ت |
| 100 | 1 | _aوهبة طلعت ابوالعلا | |
| 245 | 1 | 0 |
_aالتفسير الوجودى للاهوت عند بولطمان : _bحالة القديس بولس / _cوهبة طلعت ابوالعلا |
| 260 |
_aالقاهرة : _bدار الهدى للنشر والتوزيع ، _c2005 |
||
| 300 |
_a126 ص ؛ _c24 سم |
||
| 650 | 0 | 4 | _aالعهد الجديد |
| 650 | 0 | 4 | _aالوجودية |
| 650 | 0 | 4 | _aالوجود, علم |
| 650 | 0 | 4 | _aاللاهوت - علم |
| 650 | 0 | 4 | _aالمسيحية |
| 650 | 0 | 4 | _aبولس الرسول |
| 650 | 0 | 4 | _aرودلف بولطمان |
| 650 | 0 | 4 | _aمارتن هيدجر |
| 942 |
_2ddc _cBK |
||
| 999 |
_c8082 _d8082 |
||